Динамический синтез нанокристаллических высокотвердых материалов на основе титана в гиперскоростной струе электроразрядной плазмы: диссертация на соискание ученой степени кандидата технических наук; спец. 05.14.12

Dettagli Bibliografici
Autore principale: Сайгаш А. С. Анастасия Сергеевна
Ente Autore: Национальный исследовательский Томский политехнический университет (ТПУ)
Altri autori: Сивков А. А. Александр Анатольевич (научный руководитель)
Riassunto:Защищена 24.12.2010 г.
Lingua:russo
Pubblicazione: Томск, 2010
Soggetti:
Natura: MixedMaterials Libro
KOHA link:https://koha.lib.tpu.ru/cgi-bin/koha/opac-detail.pl?biblionumber=189687

MARC

LEADER 00000nbm0a2200000 4500
001 189687
005 20240215090954.0
035 |a (RuTPU)RU\TPU\book\206378 
035 |a RU\TPU\book\206377 
090 |a 189687 
100 |a 20101229j20101224k y0rusy50 ca 
101 0 |a rus 
102 |a RU 
105 |a a m 001zy 
200 1 |a Динамический синтез нанокристаллических высокотвердых материалов на основе титана в гиперскоростной струе электроразрядной плазмы  |e диссертация на соискание ученой степени кандидата технических наук  |e спец. 05.14.12  |f А. С. Сайгаш  |g Национальный исследовательский Томский политехнический университет (ТПУ) ; науч. рук. А. А. Сивков 
210 |a Томск  |d 2010 
215 |a 207 л.  |c ил. 
300 |a Защищена 24.12.2010 г. 
320 |a Библиогр.: с. 192-203 (114 назв.). 
606 1 |a Плазма газоразрядная  |2 stltpush  |3 (RuTPU)RU\TPU\subj\48929  |9 67746 
610 1 |a ультрадисперсные сверхтвердые материалы 
610 1 |a получение 
610 1 |a функциональные покрытия 
610 1 |a нанесение 
610 1 |a электроэрозионный износ 
610 1 |a электроразрядная плазма 
610 1 |a гиперскоростные струи 
610 1 |a нанодисперсные материалы 
610 1 |a динамический синтез 
610 1 |a высокотвердые покрытия 
610 1 |a диссертации 
610 1 |a труды учёных ТПУ 
675 |a 533.9(04)  |v 3 
686 |a 05.14.12  |2 oksvnk 
700 1 |a Сайгаш  |b А. С.  |c специалист в области электроэнергетики  |c доцент Томского политехнического университета, кандидат технических наук  |f 1981-  |g Анастасия Сергеевна  |3 (RuTPU)RU\TPU\pers\27720  |9 12794 
702 1 |a Сивков  |b А. А.  |c специалист в области электроэнергетики  |c профессор Томского политехнического университета, доктор технических наук  |f 1951-  |g Александр Анатольевич  |3 (RuTPU)RU\TPU\pers\26846  |4 727  |9 12465 
712 0 2 |a Национальный исследовательский Томский политехнический университет (ТПУ)  |c (2009- )  |3 (RuTPU)RU\TPU\col\15902 
801 1 |a RU  |b 63413507  |c 20101229 
801 2 |a RU  |b 63413507  |c 20110117  |g RCR 
942 |c BK